000 00437nam a2200181Ia 4500
001 18289
005 20260306171619.0
008 260306s9999||||xx |||||||||||||| ||und||
041 _aESP
082 _a658.402
_bN49
100 _aNewstrom, John W.,
_eAUT
245 0 _aComportamiento humano en el trabajo
260 _c2011
300 _axv, 547 páginas :
_c27 cm.
650 _aGEN
654 _aCAN
942 _cLIB
_dJUS
_fJUS
_2ddc
_n
999 _c18289
_d18289